The rules of rebellion : child abductions in Paris in 1750
Αποθηκεύτηκε σε:
| Κύριος συγγραφέας: | |
|---|---|
| Άλλοι συγγραφείς: | |
| Μορφή: | Βιβλίο |
| Γλώσσα: | English French |
| Δημοσίευση: |
Cambridge :
Polity Press,
1991.
|
| Θέματα: | |
| Ετικέτες: |
Προσθήκη ετικέτας
Δεν υπάρχουν, Καταχωρήστε ετικέτα πρώτοι!
|
MARC
| LEADER | 00000cam a2200000 i 4500 | ||
|---|---|---|---|
| 001 | 1/6699 | ||
| 008 | 960712s1991 enk| ||| |||| ||eng|| | ||
| 020 | |a 0745607314 | ||
| 035 | |l 10016445 | ||
| 040 | |a GR-MyUa |b gre |e AACR2 | ||
| 041 | 1 | |a eng |h fre | |
| 082 | 7 | |a 944.36034 |2 (22) | |
| 100 | 1 | |a Farge, Arlette. | |
| 245 | 1 | 4 | |a The rules of rebellion : |b child abductions in Paris in 1750 / |c Arlette Farge, Jacques Revel. |
| 260 | |a Cambridge : |b Polity Press, |c 1991. | ||
| 300 | |a 146 σ. ; |c 22 εκ. | ||
| 650 | 0 | |a Riots |z France |z Paris |x History |y 18th century. | |
| 650 | 0 | |a Missing children |z France |z Paris |x History |y 18th century. | |
| 651 | 0 | |a Paris (France) |x History |y 1715-1789. | |
| 700 | 1 | |a Revel, Jacques, |d 1942- | |
| 765 | 0 | 8 | |i Μετάφραση του: |t Logiques de la foule : |
| 852 | |a INST |b LESVOS |e 19960712 |h 944.36034 FAR |p 005100009601 |q 005100009601 |t BK |y 0 | ||
| 970 | |z 2000/05/ΟΙΚΟΝΟΜΟΠΟΥΛΟΥ ΧΡΙΣΤΙΝΑ | ||